Sports Quiz

Random Sports or WWE Quiz

WWF/WWE PPV Opponents Andre the Giant Quiz Stats

 Plays Quiz not verified by Sporcle

Score 0/28 Timer 03:00
0 Plays Today
Event Opponent % Correct
Wrestlemania IIIHulk Hogan
99.2%
Survivor Series 87Hulk Hogan
99.2%
Wrestlemania IVHulk Hogan
99.2%
SummerSlam 88Hulk Hogan
99.2%
Royal Rumble 90Hulk Hogan
99.2%
WrestlemaniaBig JohnStudd
90.6%
SummerSlam 88Randy Savage
87.2%
Survivor Series 89The Ultimate Warrior
78.5%
Survivor Series 88Jake The Snake Roberts
73.1%
Wrestlemania VJake The Snake Roberts
73.1%
Summerslam 89Demolition Ax
72.3%
Wrestlemania VIDemolition Ax
72.3%
Summerslam 89Demolition Smash
72.1%
Wrestlemania VIDemolition Smash
72.1%
Event Opponent % Correct
Wrestlemania 2Winner
61.5%
Survivor Series 88Hacksaw Jim Duggan
60.7%
Summerslam 89Hacksaw Jim Duggan
60.7%
Survivor Series 87Bam Bam Bigelow
54%
Survivor Series 89Shawn Michaels
52.8%
Survivor Series 89Marty Jannetty
48.5%
Survivor Series 87Paul Orndorff
47.7%
Survivor Series 87Don Muraco
44.8%
Survivor Series 88Tito Santana
44.6%
Survivor Series 87Ken Patera
44.3%
Survivor Series 88Ken Patera
44.3%
Survivor Series 89Jim The Anvil Neidhart
41.9%
Royal Rumble 89Himself
33.7%
Survivor Series 88Scott Casey
20.8%

You're not logged in!

Compare scores with friends on all Sporcle quizzes.
OR
Log In

Sporcle TV

Today on Sporcle TV


Watch our educational content, quiz creation guides, and fun videos on Sporcle TV.

Show Comments

Extras

Top Quizzes Today


Score Distribution

Your Account Isn't Verified!

In order to create a playlist on Sporcle, you need to verify the email address you used during registration. Go to your Sporcle Settings to finish the process.

Report this User

Report this user for behavior that violates our Community Guidelines.

Details: